000 00604nam a2200181Ia 4500
003 OSt
005 20250117142505.0
008 210210b1932 xxu||||| |||| 00| 0 eng d
040 _cAL
041 _akan
082 _a854/13
100 _aKRASHNARAYA (A N)
_9162365
_dಕೃಷ್ಣರಾಯ (ಅ ನ ಕೃ)
245 _aBharatiya chitrakaleyalli raja ravivarmana sthana
_bಭಾರತೀಯ ಚಿತ್ರ ಕಲೆಯಲ್ಲಿ ರಾಜ ರವಿವರ್ಮನ ಸ್ಥಾನ
260 _aBengaluru
_b-
_c1932
690 _aKannada Criticism
_9162366
906 _a019864
942 _2ddc
_cBK
999 _c144014
_d144014